{"text_format":"3","workbook":"xlsx","n_sheets":1,"sheets":["Sheet1"],"read":"whole","date_system":"1900"}

{"sheet":"Sheet1","index":0,"n_rows":24,"n_cols":8,"rows_kept":24,"merged":[[0,0,1,7],[10,2,11,2],[12,2,15,2],[23,0,23,3],[23,4,23,7]]}
["芜湖建投党建活动中心设计施工方案清单"]
[]
["序号","名称","品牌","规格","数量","单位","单价（元）","合计（元）"]
[1,"轻钢龙骨",null,"3mm*60mm*240cm",180,"根",65,11700]
[2,"木龙骨",null,"20*2000mm",260,"根",18,4680]
[3,"龙骨、70*40方通",null,"100mm*40mm*300cm",350,"根",105,36750]
[4,"石膏板","圣戈班/龙牌/泰山牌","12mm*200cm*240cm",40,"块",150,6000]
[5,"奥松板","兔宝宝/daiken/爱格","12mm*200cm*240cm",60,"块",145,8700]
[6,"腻子","三棵树/立邦/盛威特","防水抗碱净味免漆",8,"桶",255,2040]
[7,"水漆","晨阳/立邦/家韵","水性环保无味",10,"桶",380,3800]
[8,"照明","暖允/小象/缘木轩","办公灯筒灯及顶部主灯",100,"个",110,11000]
[9,"LED软灯带",null,"1m*20mm 1 m*6cm",500,"米",40,20000]
[10,"亚克力字",null,"15cm*15cm",200,"个",20,4000]
[11,"油13布",null,"/",20,"平方",110,2200]
[12,"pvc写真覆膜",null,"实厚1cm pvc写真覆水晶膜",50,"平方",180,9000]
[13,"pvc雕刻造型",null,"实厚1 cm pvc雕刻覆水晶膜",40,"平方",180,7200]
[14,"不锈钢",null,"不锈钢背框架",1,"项",4000,4000]
[15,"信息化大屏","华商/富亚舟/定制","p2全彩显示屏",10,"平方",5800,58000]
[16,"屏体结构及包边装饰",null,"铝合金包边及背架",10,"平方",650,6500]
[17,"专业主控","凯视达/兆显/灵星雨","视频矩阵处理器",1,"个",6000,6000]
[18,"音响","山水/sast/先科","音频功放、单十五音响",1,"套",2000,2000]
[19,"电线",null,"6mm",1500,"米",18,27000]
[20,"人工费用","/","/","/","/","/",9600]
["含税1 %合计：",{"$nulls":3},242572]